01347cam a22003497a 4500003000500000005001700005008004100022010001000063011001000073035001000083040000900093082001500102100003300117245011100150260006000261300002300321490003500344590004100379590004100420590004100461590004200502650003100544650003200575650003200607830003500639901000700674942001000681949007900691949006800770999001700838952014200855CHAP20220817043109.0971010s1987 r 00010 d a65567 a66539 a74840 cCHAP a631.42bB700aBrown, James Richard.915663 0aSoil testingb: sampling, correlation, calibration and interpretation: proceedings of a symposium ... 1985 aMadison, Wis. :bSoil Science Society of America,c1987 a144 p.b: gráfs. 0aSSSA Special publicationv; 21 aBATCH-UPDb10c20130110lUCH01h1530 aBATCH-UPDb10c20130410lUCH01h0937 aBATCH-UPDb10c20130914lUCH01h0752 aCONVERSIONb10c20130109lUCH01h133614aMuestreo de suelos.97928714aSuelosxAnálisis.911020414aSuelosxFertilidad.91103670 aSSSA Special publicationv; 21 aBK cLIBRO a631.42 B7bBCcLIBROd33724000067484eLIBROgI.c/eh85281i74840sit74.28 a631.42 B7bScLIBROd-7746eLIBROgI.c/eh3394i74840sit70.43 c65567d65567 00102ddc4052708GRALaBCbBCcPP_GRALd2019-12-31eI.c/efLIBROl0o631.42 B7p33724000067484r2019-12-31 00:00:00w2019-12-31yLIBRO